00369nam a22001457a 450000500170000001000130001702000250003003500130005503700160006808200130008410000170009724500530011426000330016730000230020020181206152818.0 aB-161830 a9798189093746c95.00 aB-161830 bLotus Press a615.535  aDevraj, T.L. aNature Cure for common diseases/cby T.L. Devraj aNew DelhibLotus Pressc2005 a179p.c24cm.(Pbk.)